| 000 | 00383pab a2200145 454500 | ||
|---|---|---|---|
| 008 | 180718b1998 xxu||||| |||| 00| 0 eng d | ||
| 100 | _aLarsen, Elizabeth | ||
| 245 | _aFeedback: multiple purposes for management classrooms | ||
| 260 | _c1998 | ||
| 300 | _ap.49-62 | ||
| 362 | _aFeb | ||
| 650 | _aManagement education | ||
| 773 | _aJournal of Management Education | ||
| 909 | _a37266 | ||
| 999 |
_c37266 _d37266 |
||